000 00751nam a2200217Ia 4500
005 20241129105937.0
008 241129s9999||||xx |||||||||||||| ||und||
020 _a978-93-5518-254-8
037 _aTB
040 _aARTS
_bhin
_cARTS
041 _ahin
_2hin
084 _aO152,1N54x R2
_qARTS
100 _aसत्यार्थी, कैलाश, ले.
245 0 _aचलो हवाओं का रूख मोडें
_cसत्यार्थी, कैलाश, ले.
260 _aनई दिल्ली, भारत
_bवाणी प्रकाशन
_c2022
300 _a126पृ0
365 _aINR
_b399
650 _aHindi Poetry
_97134
942 _cTB
_hO152,1N54x R2
999 _c1226697
_d1226697